[Event "Panchenko Memorial-B 2020"]
[Site "Chelyabinsk"]
[Date "2020.09.13"]
[Round "7.4"]
[White "Garifullina, Leya"]
[Black "Petrukhina, Olga"]
[Result "1-0"]
[WhiteElo "2357"]
[BlackElo "2134"]
[Annotator "TA"]
[PlyCount "113"]
[EventDate "2020.09.07"]
[EventType "swiss"]
[EventCountry "RUS"]
[SourceTitle "playchess.com"]
[Source "ChessBase"]
[SourceQuality "1"]

{[%evp 16,113,26,18,26,26,25,13,18,44,29,0,0,0,0,0,0,-17,0,0,0,-15,0,-110,-102,-109,-109,-109,-109,-109,-109,-102,-81,-79,-89,-70,25,10,20,0,4,0,26,4,13,11,14,0,118,88,294,300,280,259,421,418,754,754,754,725,741,750,725,739,735,739,739,729,749,733,681,736,729,660,716,716,697,686,6119,6463,6103,5098,7033,6961,29957,29963,29965,4906,29978,29975,29975,29976,29976,29977,29978,29979,29978,29979,29979,12335]} 1. e4 c5 2. Nf3 Nc6 3. Bb5 g6 4. Bxc6 dxc6 5. d3 Bg7 6. h3 Nf6 7. Nc3 Nd7 8. Be3 e5 9. Qd2 h6 {The main line 9...h6 scores better than 9...Qe7. B31: Sicilian: 2...Nc6 3 Bb5 g6.} 10. Nh2 b6 11. O-O Nf8 {The position is equal.} 12. f4 exf4 13. Rxf4 Be6 14. Raf1 Qd6 15. R4f2 g5 16. b3 Ng6 17. Ne2 O-O-O {[#]} 18. a3 $146 ({Predecessor:} 18. a4 a5 19. Rd1 Rd7 20. Qe1 Rhd8 21. Bd2 Bxb3 22. Rb1 Bxc2 23. Rxb6 Qxd3 24. Bxa5 Qxe4 {½-½ (36) Cimer,E (2201)-Cidre,V (1982) Buenos Aires 2019}) 18... Ne5 19. Qe1 {[#]} (19. Ng3 $11) 19... Bxb3 $1 $17 {[%mdl 512]} 20. cxb3 {Nc1 is the strong threat.} Nxd3 {[%mdl 64] Double Attack} 21. Qb1 Nxf2 22. Bxf2 Rhe8 23. Nf3 Qd3 24. Ng3 Qxb1 25. Rxb1 Bd4 ({Black should try} 25... Bf8 $15) 26. Bxd4 $11 cxd4 27. e5 Re6 28. Ne4 Kc7 29. g4 c5 30. Kf2 Kc6 31. Ke2 d3+ (31... Kd5 $11 32. Kd3 a5) 32. Ke3 {[%mdl 1024] White has strong compensation.} f6 $2 {This costs Black the game.} (32... d2 $16 33. Rd1 Ree8) 33. Nxf6 $18 Rf8 {Strongly threatening ...Rfxf6.} 34. Ne4 b5 $2 (34... Re7 35. Nd6 Rxf3+ 36. Kxf3 Rxe5) 35. Rc1 {Black must now prevent Nd4+.} c4 (35... Rxf3+ $142 36. Kxf3 Rxe5) 36. Nd4+ {[%mdl 64] Double Attack} Kd5 37. bxc4+ bxc4 38. Nxe6 Kxe6 39. Rxc4 Kxe5 {[%mdl 4096] Endgame KRN-KR} 40. Rc5+ Ke6 41. Ra5 Rf1 42. Nc5+ Kd5 43. Nxd3+ Kc4 44. Rxa7 Rh1 45. Nf2 Re1+ 46. Kf3 Ra1 47. a4 Ra3+ 48. Kg2 Kd4 49. Ra6 Ra2 50. Rxh6 Rxa4 51. Rf6 (51. Rh5 $142 Ke5 52. h4 Rc4 53. Rxg5+ Kf6 54. Kf3 Rc3+ 55. Kf4 Rc1 56. Ne4+ Kf7 57. Re5) 51... Ra5 52. Kg3 {White mates.} Ra3+ 53. Rf3 Ra1 54. Rf5 Ra3+ 55. Kg2 Ra2 56. Rxg5 Ke3 57. Rf5 {Accuracy: White = 90%, Black = 66%.} 1-0

[Event "Panchenko Memorial-B 2020"]
[Site "Chelyabinsk"]
[Date "2020.09.13"]
[Round "7.5"]
[White "Tomilova, Elena"]
[Black "Chigaeva, Anastasia"]
[Result "1-0"]
[WhiteElo "2353"]
[BlackElo "2175"]
[Annotator "TA"]
[PlyCount "51"]
[EventDate "2020.09.07"]
[EventType "swiss"]
[EventCountry "RUS"]
[SourceTitle "playchess.com"]
[Source "ChessBase"]
[SourceQuality "1"]

{[%evp 19,51,0,7,0,12,0,29,0,13,9,30,10,19,12,4,0,25,17,82,94,234,229,295,308,316,316,363,341,589,583,29995,29996,29996,29997]} 1. e4 e6 2. d4 d5 3. Nc3 Nf6 4. Bg5 dxe4 5. Nxe4 Nbd7 6. Nxf6+ Nxf6 7. Nf3 Be7 8. Bc4 O-O 9. O-O b6 10. Qe2 Bb7 11. Rad1 {C10: French with 3 Nc3: Unusual Black 3rd moves and 3...dxe4.} Nd5 12. Bc1 Bd6 {[#]} 13. Ne5 $146 {White has an edge.} ({Predecessor:} 13. Qe4 Qc8 14. Ng5 Nf6 15. Qe2 Bd5 16. Ba6 Bb7 17. Bd3 c5 18. Ne4 Nxe4 19. Bxe4 Bxe4 20. Qxe4 {0-1 (57) Blazi,J-Keller,M (2230) Ansbach 1985}) 13... Qe7 14. a3 Rad8 15. Rfe1 c5 16. dxc5 Bxc5 17. Rd3 Qc7 18. Rh3 f6 (18... Bd4 $1 $11 {remains equal.}) 19. Nd3 $16 Rfe8 {[#] Now Black is done in.} (19... Rf7 $16 {might work better.}) 20. Bb5 $1 $18 {[%cal Rb5e8]} (20. Nxc5 Qxc5 21. Bd3 f5 $14) 20... Re7 {[#]} 21. c4 $1 (21. Nxc5 Qxc5 22. c4 Nc7 $16) 21... a6 22. Ba4 (22. cxd5 exd5 23. Bf4 Rxe2 $15) 22... b5 23. Bc2 ({Inferior is} 23. cxd5 bxa4 24. Nxc5 (24. dxe6 Qc6 $11) 24... Qxc5 $11) ({Not} 23. cxb5 Bd6 $14) 23... bxc4 $2 (23... g6 24. Nxc5 Qxc5 25. cxd5 Bxd5) 24. Nxc5 {[%mdl 64] Discovered Attack} Qxc5 25. Bxh7+ Kf8 26. Bg6 {Accuracy: White = 93%, Black = 39%.} 1-0

[Event "Panchenko Memorial-B 2020"]
[Site "Chelyabinsk"]
[Date "2020.09.14"]
[Round "8.1"]
[White "Bodnaruk, Anastasia"]
[Black "Zherebtsova, Alexandra"]
[Result "1/2-1/2"]
[WhiteElo "2411"]
[BlackElo "2187"]
[Annotator "TA"]
[PlyCount "103"]
[EventDate "2020.09.07"]
[EventType "swiss"]
[EventCountry "RUS"]
[SourceTitle "playchess.com"]
[Source "ChessBase"]
[SourceQuality "1"]

{[%evp 23,103,0,0,0,0,-32,-38,-30,-35,-30,-13,-15,-12,-23,-9,-8,-11,-20,-21,-21,-31,-34,-33,-34,0,0,0,0,0,-11,-13,-14,-9,0,0,0,0,0,0,0,0,0,0,0,28,0,58,41,41,20,23,22,22,25,17,0,0,0,20,10,13,20,31,16,10,18,12,8,12,0,0,0,7,5,10,7,8,0,0,0,0,0]} 1. e4 e5 2. Nf3 Nc6 3. Bb5 a6 4. Ba4 Nf6 5. O-O Be7 6. Re1 b5 7. Bb3 d6 8. c3 O-O 9. h3 Bb7 10. d4 Re8 11. Nbd2 Bf8 12. d5 Nb8 {[%cal Bc6b8,Bb8d7,Bd7c5][%mdl 32]} 13. a4 {C92: Closed Ruy Lopez: 9...Be6, Karpov and Flohr-Zaitsev Variations.} Nbd7 14. axb5 axb5 15. Rxa8 {Black is slightly better.} Qxa8 16. Nf1 Nc5 17. Bc2 $1 c6 {[%cal Rc6d5]} 18. Bg5 Ncd7 {[%cal Rc6d5]} 19. dxc6 Bxc6 {[%cal Rf6e4]} 20. Ng3 h6 21. Bxf6 Nxf6 {[#]} 22. Nd2 $146 ({Predecessor:} 22. Nh2 d5 23. exd5 Bxd5 24. Ng4 Nxg4 25. Qxg4 g6 26. Bxg6 fxg6 27. Qxg6+ Kh8 28. Nh5 {0-1 (50) Fernandez,D (2447)-Toloza Soto,P (2340) Callao 2007}) 22... Qa2 23. Qc1 d5 24. exd5 Nxd5 25. Be4 g6 26. c4 bxc4 27. Nxc4 Ba8 {[#] aiming for ...Rc8.} 28. Bb1 Qa4 {Hoping for ...Rc8.} 29. Nxe5 Bg7 30. Nd3 Rxe1+ 31. Qxe1 Nb6 32. Kh2 Qc6 {[%csl Ga8][%cal Rc6g2] [#]} 33. f3 Nc4 34. Ba2 Bb7 ({Better is} 34... Qa4 $11 35. Nb4 Qb5) 35. Qe7 Bf8 36. Qd8 (36. Qe4 {keeps more tension.} Qxe4 37. Nxe4 Bxe4 38. fxe4 Bd6+ 39. Kg1) 36... Qd6 37. Qxd6 Nxd6 38. Kg1 Bg7 39. b4 Ba6 40. Nc5 Bd4+ 41. Kh2 Bb5 42. Nge4 Nc8 43. f4 Kf8 {The position is equal.} 44. g4 Ke7 45. Kg3 f5 46. Nf2 (46. Ne6 {feels hotter.} Bh8 47. Nc7 Bc6 48. Nf2 Nd6 49. Bd5) 46... Bc3 47. Nfd3 Nd6 48. Bd5 g5 49. fxg5 hxg5 50. gxf5 Nxf5+ 51. Kf3 Nd4+ 52. Kg4 {Accuracy: White = 94%, Black = 90%.} 1/2-1/2

[Event "Panchenko Memorial-B 2020"]
[Site "Chelyabinsk"]
[Date "2020.09.14"]
[Round "8.2"]
[White "Borisova, Ekaterina"]
[Black "Bivol, Alina"]
[Result "0-1"]
[WhiteElo "2283"]
[BlackElo "2386"]
[Annotator "TA"]
[PlyCount "80"]
[EventDate "2020.09.07"]
[EventType "swiss"]
[EventCountry "RUS"]
[SourceTitle "playchess.com"]
[Source "ChessBase"]
[SourceQuality "1"]

{[%evp 9,80,17,25,13,15,23,25,0,26,29,70,65,68,65,63,67,74,81,87,56,96,92,96,89,107,74,111,81,97,62,127,47,37,42,41,54,116,113,164,100,126,89,134,119,147,133,236,172,172,21,21,21,137,166,164,167,154,63,61,84,144,18,10,-566,-560,-29991,-29992,-29993,-29993,-29996,-29997,-29998,-29999]} 1. d4 Nf6 2. c4 g6 3. Nc3 d5 4. cxd5 Nxd5 5. Bd2 Nb6 6. e3 {D85: Exchange Grünfeld: Unusual White 7th moves and lines with 7 Nf3.} Bg7 7. f4 N8d7 8. Nf3 {White has an edge.} O-O 9. e4 {[#]} Nf6 $146 ({Predecessor:} 9... Nb8 10. Be3 Bg4 11. Be2 Nc6 12. Ne5 Bxe2 13. Nxe2 Nxe5 14. dxe5 Nc4 15. Qb3 Nxe3 16. Qxe3 {0-1 (38) Aghasaryan,R (2477)-Artemiev,V (2570) Yerevan 2014}) 10. Be2 Bg4 11. Be3 e6 12. O-O Qe7 13. Qb3 a5 14. Rac1 Qb4 15. Qc2 Rfd8 16. a3 Qe7 17. Rfd1 Rac8 18. Qb3 Nfd7 19. Qb5 Nb8 (19... c6 $14 20. Qg5 (20. Qxa5 f5 $14) 20... Qxg5 21. fxg5 e5) 20. Qxa5 (20. Bf2 $16) 20... Bxf3 $14 21. gxf3 Nc6 22. Qc5 Qh4 (22... Rxd4 $14 23. Qxe7 Rxd1+ 24. Nxd1 (24. Rxd1 Nxe7 25. Kf2 Bxc3 $14) 24... Nxe7) 23. Bf1 $1 $16 Ra8 (23... Bf6 $16 24. Nb5 Rd7) 24. Ne2 (24. Nb5 $1 $18) 24... Ra5 25. Bf2 Qh6 26. Qc3 Rh5 27. Bg3 g5 (27... Rd7 $16 {keeps fighting.} 28. b4 Na7) 28. Kh1 Rd7 29. b4 $2 (29. Bg2 $18) 29... Nxd4 $1 $11 30. fxg5 Nxe2 (30... Rxg5 $11 31. Qe1 Rg6) 31. Bxe2 $16 Rxg5 {[#]} 32. Qe1 $1 {Hoping for Rxd7.} Rg6 33. Rxc7 ({White should play} 33. Bxc7 $16 Rxc7 34. Rd8+ (34. Rxc7 $2 {is the wrong capture.} Be5 $19 {[%mdl 64] Double Attack}) 34... Bf8 35. Rxc7) 33... Rxd1 $14 34. Bxd1 {Threatens to win with Qf2.} Bd4 {[#]} (34... Qh3 $142 35. Qf2 (35. Rxb7 $2 Be5 $17) 35... h5) 35. a4 (35. f4 $1 $16) 35... Qh3 $1 $11 {...Be5! is the strong threat.} 36. a5 $2 {[%mdl 8192] [#] White does not recover from this.} ({Reject} 36. Rxb7 Be5 $17) (36. f4 $11 h5 37. Bf3 (37. Rxb7 {leads to mate.} h4 38. Rb8+ Kg7 39. Bf3 hxg3 40. Qe2 Bf2 41. Qb2+ f6 42. Qxf2 gxf2 43. Rb7+ Kh6 44. Rh7+ Kxh7 45. e5 f1=Q#)) 36... Be5 $1 $19 {[%cal Re5g3][%mdl 512]} 37. axb6 (37. Bxe5 Qg2#) 37... Bxg3 {[%csl Gg3][%cal Rh3h2] Black mates.} 38. Rc8+ {[#]} Kg7 $1 {[%csl Gg3][%cal Rh3h2][%mdl 512]} 39. Qe2 {[#]} Bxh2 $1 {[%csl Gh2][%cal Rg6g1][%mdl 512]} 40. Qb2+ (40. Qxh2 Qf1+) 40... Be5+ {[%mdl 64] Discovered Attack. Accuracy: White = 42%, Black = 57%.} 0-1

[Event "Panchenko Memorial-B 2020"]
[Site "Chelyabinsk"]
[Date "2020.09.14"]
[Round "8.3"]
[White "Khokhlova, Daria"]
[Black "Garifullina, Leya"]
[Result "1-0"]
[WhiteElo "2155"]
[BlackElo "2357"]
[Annotator "TA"]
[PlyCount "123"]
[EventDate "2020.09.07"]
[EventType "swiss"]
[EventCountry "RUS"]
[SourceTitle "playchess.com"]
[Source "ChessBase"]
[SourceQuality "1"]

{[%evp 9,123,36,51,51,45,41,68,68,138,22,32,-12,-4,-41,-27,-34,-36,-76,4,-20,35,-3,0,-100,-20,-25,-19,-24,0,-52,0,-78,-27,-25,-31,-22,-25,-35,-25,-45,-23,-46,-49,-51,202,196,190,196,209,206,195,199,207,202,298,298,339,158,144,0,311,300,297,280,363,205,258,247,250,239,259,246,253,189,193,194,287,268,411,421,194,561,487,548,522,524,807,784,695,517,488,501,489,479,739,739,647,501,868,854,1973,1973,1626,1973,1444,1435,1421,1352,845,714,11023,11106,29977,29977,29989,29990]} 1. d4 e6 2. c4 b6 3. e4 Bb7 4. Bd3 Nc6 5. Ne2 Nb4 6. O-O {A40: Unusual replies to 1 d4.} Nxd3 7. Qxd3 Ne7 8. Nbc3 {White is slightly better.} f5 {[#]} ({Black should try} 8... g6 $14) 9. e5 $146 (9. f3 $16) ({Predecessor:} 9. f3 g6 10. Bg5 h6 11. Bf6 Rg8 12. d5 Kf7 13. e5 Qc8 14. Nf4 a6 15. Rfe1 {½-½ (42) Kachiani Gersinska,K (2425)-Muse,M (2470) Berlin 1999}) 9... Ng6 $11 10. f4 d6 11. exd6 Bxd6 12. d5 O-O 13. Be3 e5 (13... Qe7 $17) 14. b3 Qh4 (14... Qd7 $11) 15. Qd2 Rae8 16. g3 (16. Nb5 $11) 16... Qe7 ({Black should play} 16... Qg4 $17 17. Rad1 Nh4 18. fxe5 Bxe5) 17. Rae1 Qd7 18. fxe5 Nxe5 19. Bd4 (19. Nd4 $11) 19... Ng6 (19... c6 $15) 20. Nf4 (20. Nb5 $11 {keeps the balance.}) 20... Bxf4 (20... Nxf4 $17 21. gxf4 c6) 21. gxf4 c6 {[%cal Rc6d5]} 22. Be5 cxd5 23. cxd5 Rc8 24. Rf3 b5 {[%cal Bb6b5,Bb5b4][%mdl 32]} 25. Rd3 b4 26. Na4 a5 $2 {[%mdl 8192]} (26... Ba6 $15 {keeps the upper hand.} 27. Rd4 Rfd8) 27. Nb6 $1 $18 {[%csl LRc8,LRd7][%mdl 64] [#] Double Attack} Qb5 28. Nxc8 Rxc8 29. Rd1 Rd8 30. Qc2 Rc8 31. Qf2 Rd8 (31... Re8 $142 32. Qd4 Qd7) 32. h4 Qe8 33. Re1 (33. Qb6 $18 {and White stays clearly on top.} Rd7 34. Qe6+ (34. Qxa5 Nxe5 35. fxe5 Qxe5 $18) 34... Qf7 35. h5) 33... Qb5 $16 34. Red1 $2 (34. Rd4 $16) 34... Qe8 $1 $18 35. Bc7 Rd7 36. Bxa5 Qe4 37. Qe3 (37. Rd4 $142 Qe8 38. Bxb4) 37... Qxf4 38. Qxf4 Nxf4 39. R3d2 ({Not} 39. Bxb4 Nxd3 40. Rxd3 Rxd5 $11) 39... h6 40. d6 g5 41. hxg5 hxg5 42. Bxb4 g4 (42... Kf7 $142 43. Rc1 g4) 43. Re1 {[#] And now Re7 would win.} g3 (43... Be4 $142 44. Rd4 Nd3 45. Rexe4 fxe4 46. Rxe4 Kf7) 44. Re7 Nh3+ 45. Kf1 Rxe7 46. dxe7 {[%mdl 4096] Endgame KRB-KBN} Kf7 47. Bc5 f4 48. Rd8 g2+ 49. Ke1 g1=Q+ 50. Bxg1 Kxe7 51. Rh8 Bg2 (51... Ng5 $142 52. Bh2 Ke6 53. Bxf4 Nf3+ 54. Kf2 Nd4) 52. Bc5+ Kd7 53. a4 {[%cal Ba2a4,Ba4a5][%mdl 32]} f3 (53... Ng5 $142 54. Rh5 Ne6) 54. Be3 Kc6 55. a5 Kb5 56. Rh5+ Ka6 57. b4 f2+ 58. Bxf2 Nf4 59. Rh6+ Kb7 60. Rb6+ Ka8 61. a6 Nd5 62. Rg6 {Accuracy: White = 69%, Black = 41%.} 1-0

[Event "Panchenko Memorial-B 2020"]
[Site "Chelyabinsk"]
[Date "2020.09.14"]
[Round "8.4"]
[White "Tomilova, Elena"]
[Black "Smirnova, Ekaterina"]
[Result "1-0"]
[WhiteElo "2353"]
[BlackElo "2278"]
[Annotator "TA"]
[PlyCount "79"]
[EventDate "2020.09.07"]
[EventType "swiss"]
[EventCountry "RUS"]
[SourceTitle "playchess.com"]
[Source "ChessBase"]
[SourceQuality "1"]

{[%evp 9,79,18,22,17,18,16,28,12,26,-22,0,0,0,0,29,0,9,4,83,0,0,0,-4,0,0,0,0,-10,0,-31,0,-16,-4,-16,-6,-25,-23,-29,0,0,0,0,0,0,0,-58,-15,-115,-103,-287,-88,-89,-87,-130,-99,-152,0,-66,0,0,0,0,320,290,534,512,708,698,29983,29983,29976,2942]} 1. e4 c6 2. Nf3 d5 3. exd5 cxd5 4. Ne5 Nf6 5. d4 g6 6. Bb5+ {B10: Caro-Kann: 2 d3 and 2 c4.} Nbd7 7. O-O Bg7 8. c3 {White has an edge.} O-O 9. f4 {[#]} Nxe5 $146 ({Predecessor:} 9... Ne4 10. Bd3 Ndf6 11. Nd2 Bf5 12. Ndf3 e6 13. Qe1 Nd6 14. Be2 b5 15. h3 Qc7 {0-1 (45) Abdumalik,Z (2468)-Krush,I (2435) Saint Louis 2019}) 10. fxe5 Ne4 11. Bd3 f5 12. exf6 exf6 13. Nd2 Bf5 {[#]} (13... Re8 $11 {remains equal.}) 14. Nxe4 (14. Rxf5 $1 $16 {[%mdl 512]} gxf5 15. Qh5) 14... Bxe4 $11 15. Bxe4 dxe4 16. Qb3+ Rf7 17. Be3 f5 18. Rad1 Qd7 19. Kh1 Kh8 20. d5 b6 21. d6 h6 22. a4 Raf8 23. g3 g5 {Strongly threatening ...f4.} 24. Qb5 Kh7 25. Qd5 Kh8 26. Qb5 Kh7 27. Rd5 (27. Qd5 $11) 27... Kg6 (27... Qe6 $5 {[%cal Rf5f4]} 28. Rdd1 Kg8 $11) 28. Qb4 (28. Qc4 $11 {keeps the balance.}) 28... Qe6 $1 $17 {[%cal Re6d5]} 29. Rd2 $2 {[#]} (29. Qc4 $17) 29... Rd7 $2 (29... f4 $1 $19 {[%cal Rf4e3] and Black stays clearly on top.} 30. gxf4 gxf4) 30. a5 bxa5 31. Qc5 Be5 {[%cal Rd7d6]} 32. Rd5 (32. Qxa5 $142 f4 33. gxf4) 32... Bg7 $2 ({Better is} 32... Bxd6 $17 33. Qb5 {[#]} a6 $1 {[%mdl 512]}) 33. c4 (33. Rd2 $11) 33... Rfd8 (33... Rff7 $15) 34. Rfd1 $11 Rf8 {Threatens to win with ...f4.} 35. Bd4 {aiming for Bxg7.} Bxd4 $4 {[%mdl 8192]} (35... e3 $11 {and Black has nothing to worry.} 36. Bxg7 Qe4+ 37. Kg1 Kxg7) 36. Qxd4 $18 Rc8 $2 (36... f4 {is a better defense.} 37. Re5 {[%mdl 64] Double Attack} (37. Rxa5 fxg3 38. Re5 Qh3 $11) 37... Qg4) 37. c5 a6 38. Rf1 Rf7 39. d7 Rd8 {[#]} 40. Rd6 $1 {[%mdl 512] Accuracy: White = 65%, Black = 51%.} 1-0

[Event "Panchenko Memorial-B 2020"]
[Site "Chelyabinsk"]
[Date "2020.09.14"]
[Round "8.5"]
[White "Maltsevskaya, Aleksandra"]
[Black "Goltseva, Ekaterina"]
[Result "1-0"]
[WhiteElo "2272"]
[BlackElo "2306"]
[Annotator "TA"]
[PlyCount "75"]
[EventDate "2020.09.07"]
[EventType "swiss"]
[EventCountry "RUS"]
[SourceTitle "playchess.com"]
[Source "ChessBase"]
[SourceQuality "1"]

{[%evp 9,75,30,51,48,49,46,53,48,59,50,71,28,29,28,25,30,31,33,80,52,48,47,49,39,108,109,140,140,138,112,127,73,149,45,45,36,47,40,47,41,58,56,118,109,96,102,125,63,107,72,74,85,102,0,467,462,728,730,911,865,1149,1107,1340,1309,29995,29996,29996,29997]} 1. d4 Nf6 2. Nf3 d5 3. c4 e6 4. Nc3 dxc4 5. e4 b5 6. e5 {D24: Queen's Gambit Accepted: 3 Nf3 Nf6 4 Nc3.} Nd5 7. Nxb5 Nb6 8. Be2 {White is slightly better.} Be7 9. Be3 Nc6 10. a3 {[#]} Na5 $146 ({Predecessor:} 10... Rb8 11. Qc2 O-O 12. h4 h6 13. Rd1 Ba6 14. Nc3 Nd5 15. Bc1 Nxc3 16. bxc3 Qd5 {½-½ (46) Sarana,A (2655)-Korobov,A (2679) Douglas 2019}) 11. Qc2 Bd7 12. Nc3 Bc6 13. Rd1 h6 14. h4 Qd7 15. Rh3 Rb8 16. Rg3 Kf8 (16... Ba4 $14 17. Nxa4 Qxa4) 17. h5 $16 Qe8 18. Nd2 Qc8 19. Bf3 Nd5 {[#]} 20. Nxd5 (20. Kf1 $142 $1) 20... Bxd5 (20... exd5 $142 21. Kf1 Bh4) 21. Bxd5 (21. Qc3 $16 Rb5 22. Kf1) 21... exd5 $14 22. Nb1 Bh4 23. Rf3 Qe6 24. Nc3 c6 25. Ne2 {Strongly threatening Nf4.} Bg5 ({Better is} 25... Kg8 $14) 26. Qa4 $16 Nb3 27. Qxa7 Re8 28. Ng3 (28. Nc1 $16) 28... Re7 29. Qb6 Kg8 30. Nf5 {Threatens to win with Bxg5.} Rd7 31. Nd6 ({White should play} 31. Bxg5 $16 hxg5 32. g4) 31... c5 $2 {[%mdl 8192]} (31... Bd8 $11 32. Qxc6 Bc7) 32. dxc5 $18 Qxe5 {[#]} (32... Bxe3 $142 33. fxe3 Re7) 33. Nxc4 $1 {[%mdl 576] Pin} Qh2 (33... dxc4 34. Rxd7) 34. c6 Re7 35. Qxb3 Qxg2 36. Ke2 dxc4 37. Rd8+ Kh7 38. Qc2+ {Accuracy: White = 65%, Black = 60%.} 1-0

[Event "Panchenko Memorial-B 2020"]
[Site "Chelyabinsk"]
[Date "2020.09.15"]
[Round "9.1"]
[White "Bodnaruk, Anastasia"]
[Black "Maltsevskaya, Aleksandra"]
[Result "1-0"]
[WhiteElo "2411"]
[BlackElo "2272"]
[Annotator "RC"]
[PlyCount "97"]
[EventDate "2020.09.07"]
[EventType "swiss"]
[EventCountry "RUS"]
[SourceTitle "playchess.com"]
[Source "ChessBase"]
[SourceQuality "1"]
[TimeControl "5400+30"]

1. e4 {[%emt 0:00:00]} c6 {[%emt 0:00:00]} 2. d4 {[%emt 0:00:00]} d5 {[%emt 0:00:00]} 3. e5 {[%emt 0:00:00]} Bf5 {[%emt 0:00:00]} 4. Nf3 {[%emt 0:00:01]} e6 {[%emt 0:00:00]} 5. Be2 {[%emt 0:00:14]} c5 {[%emt 0:00:01]} 6. O-O {[%emt 0:00:55]} Nc6 {[%emt 0:00:04]} 7. c3 {[%emt 0:00:51]} Bg6 {[%emt 0:00:06]} 8. Be3 {[%emt 0:01:43]} cxd4 {[%emt 0:13:37]} 9. Nxd4 {[%emt 0:01:05]} Nge7 {[%emt 0:03:13]} 10. f4 {[%emt 0:05:55]} Nxd4 {[%emt 0:02:42]} 11. cxd4 {[%emt 0:02:06]} Nc6 {[%emt 0:01:15]} 12. a3 {[%emt 0:02:31]} Be7 {[%emt 0:04:18]} 13. b4 {[%emt 0:02:55]} O-O {[%emt 0:02:22]} 14. Nc3 {[%emt 0:12:53]} Rc8 {[%emt 0:00:23]} 15. Qd2 {[%emt 0:04:16]} Qd7 {[%emt 0:12:19]} 16. Rfc1 {[%emt 0:08:39]} a6 {[%emt 0:08:13]} 17. Na4 {[%emt 0:16:12]} Nxd4 {[%emt 0:07:16]} 18. Nb6 {[%emt 0:00:21]} Rxc1+ {[%emt 0:00:05]} 19. Rxc1 {[%emt 0:00:03]} Nxe2+ {[%emt 0:00:06]} 20. Qxe2 {[%emt 0:00:05]} Qb5 {[%emt 0:00:04]} 21. Qxb5 {[%emt 0:01:18]} axb5 {[%emt 0:00:05]} 22. Nc8 {[%emt 0:09:54]} Bd8 {[%emt 0:00:06]} 23. Bc5 {[%emt 0:01:00]} Re8 {[%emt 0:00:05]} 24. Nd6 {[%emt 0:10:25]} Re7 {[%emt 0:00:06]} 25. Ba7 {[%emt 0:01:40]} Rc7 {[%emt 0:08:36]} 26. Rxc7 {[%emt 0:00:06]} Bxc7 {[%emt 0:00:03]} 27. Nxb5 {[%emt 0:00:24]} Bd8 {[%emt 0:00:05]} 28. Nd6 {[%emt 0:06:34]} b6 {[%emt 0:00:04]} 29. a4 {[%emt 0:01:47]} Bc2 {[%emt 0:02:14]} 30. a5 {[%emt 0:01:19]} bxa5 {[%emt 0:00:04]} 31. Nb7 {[%emt 0:00:04]} Be7 {[%emt 0:01:22]} 32. bxa5 {[%emt 0:00:34]} Bd3 {[%emt 0:00:04]} 33. Bc5 {[%emt 0:01:26]} Kf8 {[%emt 0:09:47]} 34. Kf2 {[%emt 0:01:08]} Ke8 {[%emt 0:00:33]} 35. Bxe7 {[%emt 0:02:03]} Kxe7 {[%emt 0:00:05]} 36. Ke3 {[%emt 0:00:37]} Ba6 {[%emt 0:01:22]} 37. Nc5 {[%emt 0:00:33]} Bb5 {[%emt 0:00:05]} 38. Kd4 {[%emt 0:01:54]} f6 {[%emt 0:14:20]} 39. a6 {[%emt 0:00:34]} g5 {[%emt 0:08:54]} 40. g3 {[%emt 0:00:07]} h6 {[%emt 0:02:19]} 41. a7 {[%emt 0:01:38]} Bc6 {[%emt 0:00:04]} 42. Na4 {[%emt 0:01:13]} gxf4 {[%emt 0:00:12]} 43. gxf4 {[%emt 0:00:05]} fxe5+ {[%emt 0:00:08]} 44. fxe5 {[%emt 0:00:17]} Kd7 {[%emt 0:00:07]} 45. Nb6+ {[%emt 0:01:14]} Kc7 {[%emt 0:00:05]} 46. Kc5 {[%emt 0:00:04]} d4 {[%emt 0:01:31]} 47. a8=Q {[%emt 0:00:11]} Bxa8 {[%emt 0:00:04]} 48. Nxa8+ {[%emt 0:00:04]} Kb7 {[%emt 0:00:05]} 49. Kxd4 {[%emt 0:00:55]} 1-0

[Event "Panchenko Memorial-B 2020"]
[Site "Chelyabinsk"]
[Date "2020.09.15"]
[Round "9.2"]
[White "Bivol, Alina"]
[Black "Tomilova, Elena"]
[Result "1/2-1/2"]
[WhiteElo "2386"]
[BlackElo "2353"]
[Annotator "TA"]
[PlyCount "36"]
[EventDate "2020.09.07"]
[EventType "swiss"]
[EventCountry "RUS"]
[SourceTitle "playchess.com"]
[Source "ChessBase"]
[SourceQuality "1"]

{[%evp 21,36,0,0,0,0,0,0,0,3,0,0,0,5,0,0,0,10]} 1. d4 c6 2. c4 d5 3. Nc3 Nf6 4. cxd5 cxd5 5. Nf3 Nc6 6. Bf4 Bf5 7. e3 e6 8. Bd3 Bxd3 9. Qxd3 Bd6 10. Bxd6 Qxd6 11. O-O O-O {The position is equal.} 12. h3 {D14: Slav Defence: Exchange variation with ...Bf5.} h6 {is the legacy move (12...Rfc8).} 13. Rac1 Rac8 14. Nb5 Qe7 {[#]} 15. Nc3 $146 ({Predecessor:} 15. Qb3 Ne4 {½-½ (15) Scandella,T (2170)-Benassayag,L (1997) France 2004}) 15... Qd6 16. Nb5 Qe7 17. Nc3 Qd6 18. Nb5 Qe7 {An uneventful encounter. Accuracy: White = 100%, Black = 100%.} 1/2-1/2